Former Flags of America's Continent Countries/Territories (Union Jack) - Statistics

General Stats
  • This quiz has been taken 48 times
    47 since last reset
  • The average score is 16 of 22
Answer Stats
Picture Answer % Correct
Barbados
95%
Dominion of Canada
95%
Saint Vincent and the Grenadines
95%
The Bahamas Islands
95%
Grenada
89%
Jamaica
89%
Saint Christopher-Nevis-Anguilla
89%
Saint Lucia
89%
United States of America (Grand Union)
89%
British Honduras (Belize)
84%
Trinidad and Tobago
84%
Antigua and Barbuda
79%
Dominion of Newfoundland
79%
Dominica
74%
British Guiana
63%
Bermuda
58%
British Colombia Colony
53%
British Falkland Islands and Dependencies
53%
British Leeward Islands
53%
British Windward Islands
53%
Miskito Kingdom (Mosquito Coast-Mosquitia)
42%
Saint Helena and Dependencies
37%
No matching quizzes found
Score Distribution
Percent of People with Each Score
Percentile by Number Answered
Your Score History
You have not taken this quiz since the last reset